000 02093nam a2200373 4500
003 PE-LiUPU
005 20250731173119.0
008 211001n 000 0 eng u
020 _a0802881319
035 _a(Sirsi) a252909
082 0 4 _a232
_bE23
100 1 _aEdersheim, Alfred,
_d1825-1889
_eautor
245 1 0 _aJesus the Messiah :
_ban abridged edition of 'The life and times of Jesus the Messiah' /
_cAlfred Edersheim.
300 _a645 páginas ;
_c21 centímetros
504 _aThis present volume is a popular abridgementof Alfred Edersheim's The life and Times of Jesus the Messiah, an unrivaled study in two volumes of the life of Christ as pictured against a vivid background of jewish social an religious life. Th abridgement is offered so that the ordinary reader might have a readable, yet full-scale life of Christ, and at the same time, unimpeded access to the results of Edersheims larger, usurpassed study. While free of the archaeological detail, and the exhaustive range of Life and Times, which includes a commentary on all four Gospels, Jesus the Messiah retains the important insights produced by the scope of its original, and the full and connected picture of Christ's life and teachings. The reappearance of this abridged edition of Edersheim's classic work makes available to the ordinary reader a life of Christ taht is at once distinguished and popular.
526 _aSEG42
526 _aSEG41
526 _aSEG40
526 _aSEG39
526 _aP94
526 _aP87
526 _aP86
526 _aP85
526 _aP77
526 _aP76
526 _aP35
650 0 4 _aJesucristo
_vBiografía.
598 _aCATALOGING
596 _a1
942 _2ddc
_cBOOK
949 _a232 E23
_wDEWEY
_c1
_i70921
_mBC
_p20.00
_r0
_sY
_tLIBRO
_u2021-04-20
_xFACTEO
_zTeología
_oSTAFF. Colección General
999 _a230 E23
_wDEWEY
_c32110
_i70921
_f2022-6-9
_g1
_lCCODEBUL1
_mBUL
_p20.00
_r0
_sY
_tBOOK
_u2021-10-1
_xTEOLOGIA
_PP35
_0UNKNOWN
_d32110
264 _aGrand Rapids, Michigan :
_bEeerdmans publishing Company,
_c1976
980 _81
_gALBERTO SANCHEZ Responsable de Automatización